Southville International School and Colleges
Your cart is empty.
  • Cart
  • Lists
    Public lists Eva Luna New books Lux_list list_1
    Your lists Log in to create your own lists
  • Log in to your account
  • Your cookies
  • Search history
Southville International School and Colleges
  • Advanced search
  • Recent comments
  • Most popular
  • Libraries

Log in to your account

Log in with GOOGLE


If you do not have an external account, but do have a local account, you can still log in:

  1. Home
  2. MARC view: The zoo /
Normal view MARC view ISBD view

The zoo / (Record no. 306532)

[ view plain ]
MARC details
000 -LEADER
fixed length control field 00504nam a2200205Ia 4500
008 - FIXED-LENGTH DATA ELEMENTS--GENERAL INFORMATION
fixed length control field 170203s9999 xx 000 0 und d
020 ## - INTERNATIONAL STANDARD BOOK NUMBER
International Standard Book Number 1932209298
050 ## - LIBRARY OF CONGRESS CALL NUMBER
Classification number Fic
050 ## - LIBRARY OF CONGRESS CALL NUMBER
Item number T374
245 #4 - TITLE STATEMENT
Title The zoo /
260 ## - PUBLICATION, DISTRIBUTION, ETC. (IMPRINT)
Place of publication, distribution, etc Ashland, Ohio :
260 ## - PUBLICATION, DISTRIBUTION, ETC. (IMPRINT)
Name of publisher, distributor, etc Bendon Pub. International,
300 ## - PHYSICAL DESCRIPTION
Extent 1 volume (unpaged) :
300 ## - PHYSICAL DESCRIPTION
Other physical details color illustrations ;
300 ## - PHYSICAL DESCRIPTION
Dimensions 27 cm
650 ## - SUBJECT ADDED ENTRY--TOPICAL TERM
Topical term or geographic name as entry element Zoo animals --
650 ## - SUBJECT ADDED ENTRY--TOPICAL TERM
Topical term or geographic name as entry element Zoos --
650 ## - SUBJECT ADDED ENTRY--TOPICAL TERM
General subdivision Juvenile fiction.
650 ## - SUBJECT ADDED ENTRY--TOPICAL TERM
General subdivision Juvenile fiction.

No items available.

The zoo /

APA

The zoo. Ashland, Ohio: .

Chicago

The zoo. Ashland, Ohio: .

Harvard

The zoo. Ashland, Ohio: .

MLA

Ashland, Ohio: . .

  • Print
  • Cite
  • Add to your cart (remove)
  • Save record
    BIBTEX Dublin Core MARCXML MARC (non-Unicode/MARC-8) MARC (Unicode/UTF-8) MARC (Unicode/UTF-8, Standard) MODS (XML) RIS
  • More searches
    Search for this title in:
    Other Libraries (WorldCat) Other Databases (Google Scholar) Online Stores (Bookfinder.com) Open Library (openlibrary.org)

Exporting to Dublin Core...

SOUTHVILLE LIBRARY

Southville International School and Colleges Library

1281 Tropical Ave. Cor. Luxembourg St., BF Homes International, Las Pinas City

Tel. No. 8256374 / 252358 Loc. 117/146

Powered by Koha